000 01444nam a22002777a 4500
001 EPSA 0268
003 gtcocun
005 20250919173908.0
006 a||||gr|||| 00| 0
007 ta
008 250919b2024 gt ||||| m||| 00| 0 eng d
040 _agtcocun
_bSPA
_cgtcocun
_eRDA
041 _aSPA EPSA 0268
084 _0EPSA 0268
100 _aLeonel del Valle Rodríguez
_eAutor
245 _aINFORME FINSL DEL EJERCICIO PROFESIONAL SUPERVISADO, REALIZADO EN COOPERACIÓN PARA LA EDUCACIÓN (COED), SAN LUCAS SACATEPÉQUEZ, SACATEPÉQUEZ/
_cLeonel del Valle Rodríguez.
_hImpreso
264 _aCobán, Alta Verapaz:
_bUniversidad de San Carlos de Guatemala, Centro Universitario del Norte, Licenciatura en Administración de Empresas
_c2024
300 _a72 p.:
_bIlustraciones, gráficas.
_c28 cm;
502 _eEPSA 0268
502 _aEjercicio Profesional Supervisado
_bLicenciatura en Administración de Empresas,
_cUniversidad de San Carlos de Guatemala, Centro Universitario del Norte, Licenciatura en Administración de Empresas
_d2024
_oEPSA 0268
650 _2LEMB
_aSan Lucas, Sacatepéquez, Sacatepéquez
_xAdministración
_xAnálisis
_xDiagnóstico
_xEvaluación
_xSistemático
_xSituación
_xActividades
700 _aM.A. Erick Jerónimo Milián Santa Cruz
_eAsesor
856 _uSin archivo en línea.
_zSin archivo en línea.
942 _2ddc
_cTES
_iEPSA 0268
_kClasificación
_n0
_6EPSA_0268_000000000000000
999 _c2000
_d2000